[Event "Championnat de Corse"]
[Site "Bastia"]
[Date "2012.06.29"]
[Round "7.2"]
[White "Guillemart, Serge"]
[Black "Battesti, Saveriu"]
[Result "0-1"]
[WhiteElo "1780"]
[BlackElo "2000"]
[PlyCount "100"]

1. e4 e5 2. Nf3 Nc6 3. Bb5 a6 4. Ba4 Nf6 5. Qe2 Be7 6. c3 O-O 7. O-O b5 8. Bc2
d5 9. d4 Bg4 10. Rd1 exd4 11. cxd4 dxe4 12. Bxe4 Nxe4 13. Qxe4 Bxf3 14. gxf3
Nb4 15. Nc3 Re8 16. d5 Bc5 17. Qg4 f5 18. Qxf5 Qh4 19. Ne4 Rxe4 20. fxe4 Bxf2+
21. Kg2 Rf8 22. Bg5 Qh5 23. Bf6 Qxf5 24. exf5 Bc5 25. Rac1 Bd6 26. Bc3 Nxa2 27.
Ra1 Nxc3 28. bxc3 Be5 29. Rd3 Ra8 30. Ra2 a5 31. Kf3 Kf7 32. Ke4 Kf6 33. Rh3 a4
34. Rd3 a3 35. h3 Ra4+ 36. Ke3 Kxf5 37. d6 cxd6 38. Rd5 Ke6 39. Rxb5 Bxc3 40.
Kf3 Bb2 41. Rh5 h6 42. Ke2 d5 43. Kd3 Rd4+ 44. Ke3 Re4+ 45. Kd3 Rd4+ 46. Ke3
Kf6 47. Ke2 Kg6 48. Re5 Re4+ 49. Rxe4 dxe4 50. Ke3 Kf5 0-1

[Event "Championnat de Corse"]
[Site "Bastia"]
[Date "2012.06.29"]
[Round "7.3"]
[White "Luciani, Thibault"]
[Black "Battesti, Marc-Andria"]
[Result "1-0"]
[WhiteElo "1998"]
[BlackElo "1988"]
[PlyCount "97"]

1. d4 Nf6 2. Bg5 c5 3. Bxf6 gxf6 4. d5 Bg7 5. c3 b5 6. Qd2 Qb6 7. Na3 d6 8. e3
a6 9. Ne2 Nd7 10. Nf4 Ne5 11. Nc2 Bf5 12. Nh5 Bh6 13. Ng3 Bd7 14. Be2 O-O-O 15.
b3 Rhg8 16. a4 Kc7 17. O-O f5 18. Na3 Ra8 19. Bd3 f4 20. exf4 Nxd3 21. Qxd3
Bxf4 22. Qf3 Be5 23. Kh1 Bg4 24. Qd3 Bd7 25. f4 Bf6 26. Rab1 Qb8 27. Rfe1 Bh4
28. Re3 Bxg3 29. Rxg3 Rxg3 30. Qxg3 Qh8 31. a5 Rg8 32. Qe3 Qg7 33. g3 e5 34.
dxe6 Bxe6 35. Rd1 Qg4 36. Qd3 Rd8 37. Re1 h5 38. b4 Re8 39. Rd1 d5 40. Kg1 h4
41. Rf1 f5 42. Qe3 hxg3 43. hxg3 Rg8 44. Kf2 Bd7 45. Qxc5+ Bc6 46. Qe7+ Bd7 47.
Qe5+ Kc6 48. Qe3 Re8 49. Qb6# 1-0

[Event "Championnat de Corse"]
[Site "Bastia"]
[Date "2012.06.29"]
[Round "7.4"]
[White "Brethes, Francois"]
[Black "Humeau, Cyril"]
[Result "1-0"]
[WhiteElo "2244"]
[BlackElo "2279"]
[PlyCount "63"]
[EventDate "2012.??.??"]

1. d4 d5 2. c4 e6 3. Nf3 Nf6 4. g3 dxc4 5. Bg2 a6 6. O-O Nc6 7. Nc3 Bb4 8. Qa4
Bd7 9. Ne5 Bxc3 10. Nxd7 Qxd7 11. bxc3 Nd5 12. Qxc4 O-O 13. e4 Nb6 14. Qe2 Ne7
15. Ba3 Rfe8 16. Rab1 Rab8 17. Rfc1 Ng6 18. h4 Nc8 19. e5 c6 20. h5 Nf8 21. Qg4
Ne7 22. h6 Nfg6 23. hxg7 Nf5 24. Be4 Nxg7 25. Kg2 b5 26. Rh1 Rbc8 27. Rh3 Qd8
28. Rbh1 h5 29. Rxh5 Nxh5 30. Qxh5 c5 31. Qh7+ Kf8 32. Bxg6 1-0